LEADER 00807nam a2200205 i 4500 001 000000020909 003 CaOOAMICUS 005 20180830125445.0 008 180830s1961 gw u000 u und u 040 $aSeMil$bita 100 1 $aLietzmann, Hans,$d<1875-1942>.$0(OLS)http://semarc/name/195 245 10$aGeschichte der alten Kirche /$cvon Hans Lietzmann. 260 $aBerlin :$bDe Gruyter,$c1961. 300 $av. ;$c22 cm. 774 0 $tAnfänge.$bVierte Auflage.$g1$w()178364 774 0 $tEcclesia catholica.$bDritte Auflage.$g2$w()178365 774 0 $tReichskirche.$bDritte Auflage.$g3$w()178366 774 0 $tZeit der Kirchenväter.$b3. Auflage.$g4$w()178367 996 $6245$aGeschichte der alten Kirche$9(OLS)http://semarc/title/27624 996 $6260$aBerlin :$bDe Gruyter$9(OLS)http://semarc/publisher/29658 LEADER 00606naa a2200145 i 4500 001 000000301667 003 CaOOAMICUS 005 20180831172726.0 008 180831n xx u000 u und u 013 $a9401 040 $aSeMil$bita 100 1 $aRichter, Klemens.$0(OLS)http://semarc/name/16094 245 14$aDer Umgang mit Toten und Trauernden in der christlichen Gemeinde. 773 0 $tUmgang mit den Toten.$dFreiburg ; Basel ; Wien : Herder, 1990.$kQuaestiones disputatae $z3-451-02123-4$w()35577 996 $6245$aDer Umgang mit Toten und Trauernden in der christlichen Gemeinde$9(OLS)http://semarc/title/377661